Normal view
MARC view
- Pierson, Christopher
Entry Nombre Personal
001 - NUMERO DE CONTROL
- campo de control: 43797
003 - IDENTIFICADOR DE NUMERO DE CONTROL
- campo de control: DLC
005 - FECHA Y HORA DE LA ÜLTIMA TRANSACCIÓN
- campo de control: 20220328115412.0
008 - DATOS DE LONGITUD FIJA
- campo de control de longitud fija: 220328n| azannaab| |a aaa
010 ## - NÚMERO DE CONTROL DE LA BIBLIOTECA DEL CONGRESO
- Número de control LC: n 86133555
040 ## - FUENTE DE CATALOGACIÓN
- Agencia original de catalogación: DLC
- Lenguaje de catalogación: spa
- Agencia de transcripción: DLC
- Agencia que lo modifica: DLC
- Description conventions: rda
- Agencia que lo modifica: DLC
- Agencia que lo modifica: MX-MxUPN
100 1# - ENCABEZAMIENTO - NOMBRE PERSONAL
- Nombre personal: Pierson, Christopher
400 1# - VEÁSE - NOMBRE DE PERSONA
- Personal name: Pierson, Chris
- Fuller form of name: (Christopher)
670 ## - FUENTE EN LA QUE SE LOCALIZARON DATOS
- Cita de la fuente: En su obra: Marxist theory and democratic politics, 1986:
- Información localizada: CIP portada (Christopher Pierson)
670 ## - FUENTE EN LA QUE SE LOCALIZARON DATOS
- Cita de la fuente: Socialism after communism, c1995:
- Información localizada: CIP portada (Christopher Pierson) vita (lect. in politics, Univ. of Stirling, Scotland)
670 ## - FUENTE EN LA QUE SE LOCALIZARON DATOS
- Cita de la fuente: Developments in British social policy 2, 2003:
- Información localizada: portada (Chris Pierson)
